Top 10 Países más Orientales en Europa - Estadísticas

Estadísticas generales
  • Esta prueba ha sido intentada 3.664 veces
  • La puntuación promedio es 9 de 10
Estadísticas de respuestas
Longitud País % Correcto
69°02′E Rusia
98%
40°15'E Ucrania
97%
32°46'E Bielorrusia
94%
29°40'E Rumania
92%
28°36'E Bulgaria
91%
29°38'E Grecia
90%
30°10'E Moldavia
88%
31°35'E Finlandia
85%
28°15'E Letonia
80%
33°30'E Noruega
59%
No se encontraron pruebas coincidentes
Distribución de puntuación
Porcentaje de gente con cada puntuación
Porcentaje por número respondido
Historial de tus puntuaciones
No has intentado esta prueba.